| 000 | 00789nam a2200253 i 4500 | ||
|---|---|---|---|
| 001 | 129538 | ||
| 003 | ES-MaACL | ||
| 005 | 20231205142504.0 | ||
| 007 | t| | ||
| 008 | 070626s1945 ag ||||1| spa d | ||
| 080 | _a539.1(04) | ||
| 080 | _a523.03(04) | ||
| 080 | _a530.14(04) | ||
| 100 | 1 |
_aThibaud, Jean. _9109915 |
|
| 245 | 1 | 0 |
_aVida y transmutaciones de los átomos / _cJuan Thibaud ; traducción del francés por Xavier Zubiri. |
| 250 | _a4ª ed. | ||
| 260 |
_a[Buenos Aires] : _bEspasa-Calpe, _c[1945] |
||
| 300 |
_a259 p. : _bil. ; _c20 cm. |
||
| 490 | 1 | _aNueva ciencia, nueva técnica | |
| 700 | 1 |
_aZubiri, Xavier, _d1898-1983 _9118406 |
|
| 830 | 0 |
_aNueva ciencia, nueva técnica _9181572 |
|
| 852 |
_aES-MaACL _jD-5437 _bR.31511 |
||
| 999 |
_c129538 _d129538 |
||